Pareto - optimal'nyje rešenija mnogokriterial'nych zadač

Salvato in:
Dettagli Bibliografici
Autore principale: Podinovskij, Vladislav Vladimirovič
Altri autori: Nogin, Vladimir Dmitrijevič
Natura: Libro
Lingua:russo
Pubblicazione: Moskva Nauka 1982
Serie:Ekonomiko-matematičeskaja biblioteka
Tags: Aggiungi Tag
Nessun Tag, puoi essere il primo ad aggiungerne!!

MARC

LEADER 00000nam a2200000 4500
001 c129052
005 20041019155245.3
041 0 |a rus 
044 |a RU 
245 1 0 |a Pareto - optimal'nyje rešenija mnogokriterial'nych zadač  |c Vladislav Vladimirovič Podinovskij, Vladimir Dmitrijevič Nogin 
264 1 |a Moskva  |b Nauka  |c 1982 
300 |a 254 s. 
490 1 |a Ekonomiko-matematičeskaja biblioteka 
830 0 |a Ekonomiko-matematičeskaja biblioteka 
100 1 |a Podinovskij, Vladislav Vladimirovič 
700 1 |a Nogin, Vladimir Dmitrijevič